000
00371nam a22001217a 4500
040
_c
HS
082
_a
338
100
_a
កង ក្រឹស្នា
245
_a
Agriculture system development : ការអភិវឌ្ឍន៍ប្រព័ន្ធកសិកម្ម
260
_a
RUA
_b
កង ក្រឹស្នា
_c
2008
300
_a
NA
942
_c
KB
999
_c
10267
_d
10267